<?xml version="1.0" encoding="UTF-8"?>
<record
    xmlns:xsi="http://www.w3.org/2001/XMLSchema-instance"
    xsi:schemaLocation="http://www.loc.gov/MARC21/slim http://www.loc.gov/standards/marcxml/schema/MARC21slim.xsd"
    xmlns="http://www.loc.gov/MARC21/slim">

  <leader>04383nam a2200445 a 4500</leader>
  <controlfield tag="001">dia_4611</controlfield>
  <controlfield tag="003">CHAP</controlfield>
  <controlfield tag="005">20240821113951.0</controlfield>
  <controlfield tag="007">ta</controlfield>
  <controlfield tag="008">220117s2015    mx abeofrm    001 0 spa d</controlfield>
  <datafield tag="010" ind1=" " ind2=" ">
    <subfield code="a">175280</subfield>
  </datafield>
  <datafield tag="040" ind1=" " ind2=" ">
    <subfield code="a">mxchpua</subfield>
    <subfield code="c">CHAP</subfield>
  </datafield>
  <datafield tag="041" ind1="0" ind2=" ">
    <subfield code="a">spa</subfield>
    <subfield code="b">eng</subfield>
  </datafield>
  <datafield tag="090" ind1=" " ind2=" ">
    <subfield code="a">Tesis </subfield>
    <subfield code="b">N67 </subfield>
    <subfield code="c">2015</subfield>
  </datafield>
  <datafield tag="100" ind1="1" ind2=" ">
    <subfield code="a">Nopaltitla Negrete, Sandra Paulina</subfield>
  </datafield>
  <datafield tag="245" ind1="1" ind2="0">
    <subfield code="a">Propuesta para el establecimiento de una procesadora de caf&#xE9; en Totutla, Huitzilan de Serd&#xE1;n, Puebla /</subfield>
    <subfield code="c">Sandra Paulina Nopaltitla Negrete y Mar&#xED;a Asunci&#xF3;n Posadas Manzano</subfield>
  </datafield>
  <datafield tag="264" ind1=" " ind2=" ">
    <subfield code="a">Chapingo, M&#xE9;xico :</subfield>
    <subfield code="b">El autor,</subfield>
    <subfield code="c">2015</subfield>
  </datafield>
  <datafield tag="300" ind1=" " ind2=" ">
    <subfield code="a">x, 88 hojas :</subfield>
    <subfield code="b">ilustraciones, tablas, mapas, diagramas, fotos +</subfield>
    <subfield code="e">1 CD-ROM</subfield>
  </datafield>
  <datafield tag="336" ind1=" " ind2=" ">
    <subfield code="2">rdacontent</subfield>
    <subfield code="a">texto</subfield>
    <subfield code="b">txt</subfield>
  </datafield>
  <datafield tag="337" ind1=" " ind2=" ">
    <subfield code="2">rdamedia</subfield>
    <subfield code="a">no mediado</subfield>
    <subfield code="b">n</subfield>
  </datafield>
  <datafield tag="338" ind1=" " ind2=" ">
    <subfield code="2">rdacarrier</subfield>
    <subfield code="a">volumen</subfield>
    <subfield code="b">nc</subfield>
  </datafield>
  <datafield tag="502" ind1=" " ind2=" ">
    <subfield code="a">Formulaci&#xF3;n y Evaluaci&#xF3;n de Proyectos </subfield>
    <subfield code="b">(Ingeniero Agroindustrial) --</subfield>
    <subfield code="c">UACh. Departamento de Ingenier&#xED;a Agroindustrial,</subfield>
    <subfield code="d">2015</subfield>
  </datafield>
  <datafield tag="504" ind1=" " ind2=" ">
    <subfield code="a">Bibliograf&#xED;a: hojas 70-72</subfield>
  </datafield>
  <datafield tag="505" ind1=" " ind2=" ">
    <subfield code="a">6 planos : --
1.Plano de distribuci&#xF3;n de &#xE1;reas actual (Esc. 1:100) --
2. Propuesta : Plano de distribuci&#xF3;n de &#xE1;reas (Esc. 1:100) --
3. Propuesta de plano de distribuci&#xF3;n de equipo (Esc. 1:100) --
4. Plano de recorrido actual (Esc. 1:100) --
5. Propuesta del diagrama de recorrido (Esc. 1:100) --
6. Propuesta para el diagrama de flujo del proceso de beneficio de caf&#xE9;</subfield>
  </datafield>
  <datafield tag="520" ind1="3" ind2=" ">
    <subfield code="a">El presente trabajo consisti&#xF3; en la evaluaci&#xF3;n de una propuesta de inversi&#xF3;n para una procesadora de caf&#xE9; en la comunidad de Totutla, Huitzilan de Serd&#xE1;n en el estado de Puebla; para ello, se estudiaron y analizaron los factores involucrados en el mercado de caf&#xE9;, se defini&#xF3; una propuesta para la organizaci&#xF3;n de los socios y se describieron las caracter&#xED;sticas de la materia prima. Con base a lo anterior, se determin&#xF3; el tama&#xF1;o de la empresa, se describi&#xF3; la localizaci&#xF3;n, se plante&#xF3; la organizaci&#xF3;n administrativa y se realizaron las propuestas ingenieriles; se llev&#xF3; a cabo el an&#xE1;lisis financiero y su respectiva evaluaci&#xF3;n, a partir de lo cual se determin&#xF3; para el proyecto un Valor Actual Neto (VAN) de $ 356,494.36 y una Tasa Interna de Rentabilidad (TIR) de 30.33% en un horizonte de proyecci&#xF3;n de 10 a&#xF1;os; para la empresa el VAN fue de $ 356,494.36 y la TIR de 30.33%. La Tasa de Rendimiento M&#xED;nima Aceptable (TRMA) considerada para el estudio fue del 16%, esta tasa como se muestra es menor a las TIR evaluadas tanto para la empresa como para el proyecto; finalmente se dictamin&#xF3; que el proyecto es aceptable y de bajo impacto ambiental.</subfield>
  </datafield>
  <datafield tag="520" ind1="3" ind2=" ">
    <subfield code="a">This work consisted in the assessment of an investment proposal for a coffee processor in the community of Totutla, Huitzilan of Serd&#xE1;n in the Puebla state; therefore, were studied and analyzed the factors involved in the coffee market, thereby was defined a proposal for the organization of the partners and were described the characteristics of the raw material. Based on the foregoing, was determined the size of the company, was described the location, was raised the administrative organization and were made the engineering proposals; was carried out the financial analysis and their respective evaluation, from which it is determined for the project a net present value of $ 356,494.36 and an Internal Rate of Return of 30.33% over a projection horizon of ten years; NPV for the company was $ 356,494.36 and the IRR of 30.33%. The Minimum Acceptable Rate of Return (MARR) was considered for the study with 16%, this rate as shown is less than the IRR evaluated for both the company and for the project; finally ruled that the project is acceptable and has low environmental impact.</subfield>
  </datafield>
  <datafield tag="650" ind1="1" ind2="3">
    <subfield code="a">Caf&#xE9;</subfield>
    <subfield code="2">atg</subfield>
    <subfield code="x">Industria y comercio  </subfield>
  </datafield>
  <datafield tag="650" ind1="1" ind2="3">
    <subfield code="a">Iniciativa empresarial  </subfield>
    <subfield code="z">M&#xE9;xico</subfield>
    <subfield code="z">Puebla  </subfield>
    <subfield code="2">atg</subfield>
  </datafield>
  <datafield tag="650" ind1="1" ind2="3">
    <subfield code="a">Coffee  </subfield>
    <subfield code="x">Industry and trade  </subfield>
    <subfield code="2">atg</subfield>
  </datafield>
  <datafield tag="650" ind1="1" ind2="3">
    <subfield code="a">Entrepreneurship</subfield>
    <subfield code="z">Mexico</subfield>
    <subfield code="z">Puebla</subfield>
    <subfield code="2">atg</subfield>
  </datafield>
  <datafield tag="700" ind1="1" ind2=" ">
    <subfield code="a">Posadas Manzano, Mar&#xED;a Asunci&#xF3;n</subfield>
    <subfield code="e">autor</subfield>
  </datafield>
  <datafield tag="700" ind1="1" ind2=" ">
    <subfield code="a">Covarrubias Guti&#xE9;rrez, Ignacio</subfield>
    <subfield code="e">director</subfield>
  </datafield>
  <datafield tag="700" ind1="1" ind2=" ">
    <subfield code="a">Avalos Guti&#xE9;rrez, Claudio</subfield>
    <subfield code="e">asesor</subfield>
  </datafield>
  <datafield tag="700" ind1="1" ind2=" ">
    <subfield code="a">Morales Santos, Tayde</subfield>
    <subfield code="e">asesor</subfield>
  </datafield>
  <datafield tag="856" ind1="4" ind2="1">
    <subfield code="u">http://10.13.5.2/tesis/sist112272.pdf</subfield>
    <subfield code="y">DESCARGAR PDF</subfield>
  </datafield>
  <datafield tag="901" ind1=" " ind2=" ">
    <subfield code="a">TESIS N67 2015</subfield>
  </datafield>
  <datafield tag="902" ind1=" " ind2=" ">
    <subfield code="a">M</subfield>
  </datafield>
  <datafield tag="905" ind1=" " ind2=" ">
    <subfield code="a">5232272015                          mx nmel8223223122spa16</subfield>
  </datafield>
  <datafield tag="942" ind1=" " ind2=" ">
    <subfield code="c">TESIS</subfield>
    <subfield code="2">Clasificaci&#xF3;n Universidad Aut&#xF3;noma Chapingo</subfield>
  </datafield>
  <datafield tag="999" ind1=" " ind2=" ">
    <subfield code="c">175280</subfield>
    <subfield code="d">175280</subfield>
  </datafield>
  <datafield tag="952" ind1=" " ind2=" ">
    <subfield code="0">0</subfield>
    <subfield code="1">0</subfield>
    <subfield code="2">local</subfield>
    <subfield code="4">0</subfield>
    <subfield code="5">1</subfield>
    <subfield code="7">0</subfield>
    <subfield code="8">TESIS</subfield>
    <subfield code="a">IA_</subfield>
    <subfield code="b">IA_</subfield>
    <subfield code="d">2015-01-18</subfield>
    <subfield code="e">El autor</subfield>
    <subfield code="l">0</subfield>
    <subfield code="o">Tesis N67 2015</subfield>
    <subfield code="p">1101010045</subfield>
    <subfield code="r">2022-01-18 00:00:00</subfield>
    <subfield code="t">Ej.3</subfield>
    <subfield code="w">2015-01-18</subfield>
    <subfield code="y">CD</subfield>
  </datafield>
  <datafield tag="952" ind1=" " ind2=" ">
    <subfield code="0">0</subfield>
    <subfield code="1">0</subfield>
    <subfield code="2">local</subfield>
    <subfield code="4">0</subfield>
    <subfield code="5">1</subfield>
    <subfield code="7">0</subfield>
    <subfield code="8">TESIS</subfield>
    <subfield code="a">IA_</subfield>
    <subfield code="b">IA_</subfield>
    <subfield code="d">2015-01-18</subfield>
    <subfield code="e">El autor</subfield>
    <subfield code="l">0</subfield>
    <subfield code="o">Tesis N67 2015</subfield>
    <subfield code="p">1101010043</subfield>
    <subfield code="r">2026-02-02 00:00:00</subfield>
    <subfield code="t">Ej.1</subfield>
    <subfield code="w">2015-01-18</subfield>
    <subfield code="y">TESIS</subfield>
  </datafield>
  <datafield tag="952" ind1=" " ind2=" ">
    <subfield code="0">0</subfield>
    <subfield code="1">0</subfield>
    <subfield code="2">local</subfield>
    <subfield code="4">0</subfield>
    <subfield code="5">1</subfield>
    <subfield code="7">0</subfield>
    <subfield code="8">TESIS</subfield>
    <subfield code="a">IA_</subfield>
    <subfield code="b">IA_</subfield>
    <subfield code="d">2015-01-18</subfield>
    <subfield code="e">El autor</subfield>
    <subfield code="l">0</subfield>
    <subfield code="o">Tesis N67 2015</subfield>
    <subfield code="p">1101010044</subfield>
    <subfield code="r">2022-01-18 00:00:00</subfield>
    <subfield code="t">Ej.2</subfield>
    <subfield code="w">2015-01-18</subfield>
    <subfield code="y">CD</subfield>
  </datafield>
  <datafield tag="952" ind1=" " ind2=" ">
    <subfield code="0">0</subfield>
    <subfield code="1">0</subfield>
    <subfield code="2">local</subfield>
    <subfield code="4">0</subfield>
    <subfield code="7">0</subfield>
    <subfield code="8">TesDigL</subfield>
    <subfield code="a">IA_</subfield>
    <subfield code="b">IA_</subfield>
    <subfield code="c">E_L</subfield>
    <subfield code="d">2015-01-18</subfield>
    <subfield code="e">El autor</subfield>
    <subfield code="l">0</subfield>
    <subfield code="p">1201010043</subfield>
    <subfield code="r">2024-08-21 12:44:46</subfield>
    <subfield code="w">2024-08-21</subfield>
    <subfield code="y">TD</subfield>
  </datafield>
</record>
